000
00291nam a2200121Ia 4500
005
20251222142020.0
008
251222s9999||||xx |||||||||||||| ||spa||
082
_a
869.001/M42
100
_a
Menton, Seymour
245
0
_a
El Cuento Hispanoamericano:
264
_b
Buenos Aires
942
_c
LIB
999
_c
10603
_d
10603